00900nam a2200217 a 450000100100000000500170001000800410002704000250006808200150009311100790010824500810018724600460026826000550031430000200036965000360038971000520042571000660047704900090054395201130055299900170066500002874520260429123223.0110412s2001 dr 000 0 spa d aDO-SdBNPbspacBNPHU axxxxbC7482 aConferencia del poder judicialn(2a :d2001, feb. :cSanto Domingo)95574413aLa II conferencia del Poder Judicial :bresultados de una consulta nacional.13aLa segunda conferencia del Poder Judicial aSanto Domingo :bSuprema Corte de Justicia,c2001. a71 p. ;c22 cm.20aParticipación política94561 aFundación Institucionalidad y Justicia9196491 a United States.b Agency for International Development958056 aBNPD 0010718PDaPDbPDcCTd2011-04-12iLF1l0oxxxx C748p28745-10r2020-06-25w2020-06-25yLFPDZNo se presta c28237d28237